Normal view
MARC view
Entry Topical Term
001 - CONTROL NUMBER
- control field: 13715
003 - CONTROL NUMBER IDENTIFIER
- control field: OSt
005 - DATE AND TIME OF LATEST TRANSACTION
- control field: 20151004151535.0
008 - FIXED-LENGTH DATA ELEMENTS
- fixed length control field: 151004|| aca||aabn | a|a d
040 ## - CATALOGING SOURCE
- Original cataloging agency: OSt
- Transcribing agency: OSt
150 ## - HEADING--TOPICAL TERM
- Topical term or geographic name entry element: Travel
670 ## - SOURCE DATA FOUND
- Source citation: Work cat.: (OSt)42873: Bhandari, Laveesh 13713, Rajasthan Performance Facts and Figures, 2009









